000 00621nam a2200241Ia 4500
005 20260320201103.0
008 008 262003s9999 xx 000 0 eng d
037 _aEBOOK
040 _aCRL
040 _beng
040 _cCRL
041 _2eng
041 _aeng
084 _qCRL
100 _aHandkiewicz
_91134220
245 0 _aMethods and Tools for Computer-aided Design of Multidimensional Filters in Signal Processing
260 _bIEEE
260 _c2025
856 _uhttps://ieeexplore.ieee.org/servlet/opac?bknumber=10807056
942 _cEBOOK
999 _c1718786
_d1718786